书目信息 |
| 题名: |
克莱斯勒小提琴曲选
|
|
| 作者: | 克莱斯勒 , Kreisler 编著 | |
| 分册: | ||
| 出版信息: | 北京 人民音乐出版社 2000 |
|
| 页数: | 207页 | |
| 开本: | 31cm | |
| 丛书名: | ||
| 单 册: | ||
| 中图分类: | J657.41(521) , J657.21(521) , J657.21 | |
| 科图分类: | ||
| 主题词: | 小提琴--器乐曲--奥地利--现代--选集 , 小提琴 , 器乐曲 , 钢琴谱--奥地利--现代--选集 , 钢琴谱 | |
| 电子资源: | ||
| ISBN: | 7-103-00986-4 | |
| 000 | 01125ncm0 2200325 45 | |
| 001 | 012000051547 | |
| 005 | 20070805170114.10 | |
| 010 | @a7-103-00986-4@dCNY37.60 | |
| 100 | @a20001113d2000 em y0chiy0120 ea | |
| 101 | 0 | @achi |
| 102 | @aCN@b110000 | |
| 105 | @acg z 000yy | |
| 200 | 1 | @a克莱斯勒小提琴曲选@9ke lai si le xiao ti qin qu xuan@e小提琴与钢琴谱@f(奥)弗兰茨·克莱斯勒(Fritz Kreisler)编著 |
| 210 | @a北京@c人民音乐出版社@d2000@h2002 | |
| 215 | @a207页@c肖像@d31cm | |
| 305 | @a由北京版权代理有限责任公司代理版权 | |
| 314 | @a弗兰茨·克莱斯勒(Fritz Kreisler,1875~1962),生于维也纳,《克莱斯勒小提琴曲选》收其作品。 | |
| 330 | @a本书收《玩具兵进行曲》、《庄板》、《马拉加舞曲》等38个经作者创作、改编的曲目。 | |
| 606 | 0 | @a小提琴@x器乐曲@y奥地利@z现代@j选集 |
| 606 | 0 | @a小提琴 |
| 606 | 0 | @a器乐曲 |
| 606 | 0 | @a钢琴谱@y奥地利@z现代@j选集 |
| 606 | 0 | @a钢琴谱 |
| 690 | @aJ657.41(521)@v4 | |
| 690 | @aJ657.21(521)@v4 | |
| 690 | @aJ657.21@v3 | |
| 701 | 1 | @a克莱斯勒@9ke lai si le@bF.@4编著 |
| 701 | 1 | @aKreisler@bFritz@4编著 |
| 801 | 0 | @aCN@bNLC@c20070805 |
| 905 | @a10447@dJ657.21@e399 | |
| 克莱斯勒小提琴曲选:小提琴与钢琴谱/(奥)弗兰茨·克莱斯勒(Fritz Kreisler)编著.-北京:人民音乐出版社,2000(2002) |
| 207页:肖像;31cm |
| ISBN 7-103-00986-4:CNY37.60 |
| 本书收《玩具兵进行曲》、《庄板》、《马拉加舞曲》等38个经作者创作、改编的曲目。 |
| ● |
| 相关链接 |
|
|
|
|
正题名:克莱斯勒小提琴曲选
索取号:J657.21/399
 
预约/预借
| 序号 | 登录号 | 条形码 | 馆藏地/架位号 | 状态 | 备注 |
| 1 | 0809013 | 208090135 | 第一样本阅览室/ [索取号:J657.21/399] | 在馆 | |
| 2 | 0809014 | 208090144 | 第一借阅区/ [索取号:J657.21/399] | 在馆 | |
| 3 | 0809015 | 208090153 | 第一借阅区/ [索取号:J657.21/399] | 在馆 | |
| 4 | 0809016 | 208090162 | 第一借阅区/ [索取号:J657.21/399] | 在馆 | |
| 5 | 0809017 | 208090171 | 密集书库-音乐系/ [索取号:J657.21/399] | 在馆 |